| 000 | 00606nac a22001691u 4500 | ||
|---|---|---|---|
| 008 | 080904t eu||||| |||| 00| 0 ara d | ||
| 082 |
_a170 _bط و ي |
||
| 245 |
_aقضايا من رحاب الفلسفة والعلم/ _cتوفيق الطويل |
||
| 260 |
_aالكويت : _bدار النهضة العربية،1986. _c1986. |
||
| 300 |
_a350ص؛ _c24 سم |
||
| 504 | _aببليوجرافية: ص338-350 | ||
| 511 | _a Catalogued by: Sara | ||
| 541 |
_aالف باء ؛ _cشراء ؛ |
||
| 650 |
_aالأخلاق، علم _915106 |
||
| 650 |
_aالفلسفة _916209 |
||
| 942 |
_cBB _k170 ط و ي _2ddc |
||
| 999 |
_c6729 _d6729 |
||